书目信息 |
| 题名: |
中国近百年文学体式流变史
|
|
| 作者: | 冯光廉 主编 | |
| 分册: | 上 | |
| 出版信息: | 北京 人民文学出版社 1999 |
|
| 页数: | 897页 | |
| 开本: | 20cm | |
| 丛书名: | ||
| 单 册: | ||
| 中图分类: | I045 | |
| 科图分类: | ||
| 主题词: | 文学语言 | |
| 电子资源: | ||
| ISBN: | 7-02-002997-3 | |
| 000 | 00568nam0 2200193 45 | |
| 001 | 0107101566 | |
| 005 | 20041214105901.7 | |
| 010 | @a7-02-002997-3@dCNY34.00 | |
| 100 | @a20010710d1999 km y0chiy0120 ea | |
| 101 | 0 | @achi |
| 105 | @a z 000yy | |
| 200 | 1 | @a中国近百年文学体式流变史@h上@AZhong Guo Jin Bai Nian Wen Xue Ti Shi Liu Bian Shi@f冯光廉主编@FFeng Guang Lian Zhu Bian |
| 210 | @a北京@c人民文学出版社@d1999 | |
| 215 | @a897页@d20cm | |
| 606 | 0 | @a文学语言 |
| 690 | @aI045@v4 | |
| 701 | 0 | @a冯光廉@4主编 |
| 801 | @aCN@bTSTC@c20010710 | |
| 905 | @dI045@e108:1 | |
| 中国近百年文学体式流变史.上/冯光廉主编.-北京:人民文学出版社,1999 |
| 897页;20cm |
| ISBN 7-02-002997-3:CNY34.00 |
| ● |
| 相关链接 |
|
|
|
|
正题名:中国近百年文学体式流变史
索取号:I045/108:1
 
预约/预借
| 序号 | 登录号 | 条形码 | 馆藏地/架位号 | 状态 | 备注 |
| 1 | 0313678 | 203136784 | 第二借阅区/ [索取号:I045/108:1] | 在馆 | |
| 2 | 0313679 | 203136793 | 第二借阅区/ [索取号:I045/108:1] | 在馆 | |
| 3 | 0313680 | 203136800 | 第二借阅区/ [索取号:I045/108:1] | 在馆 | |
| 4 | 0313681 | 203136819 | 第二借阅区/ [索取号:I045/108:1] | 在馆 | |
| 5 | 0313682 | 203136828 | 第二借阅区/ [索取号:I045/108:1] | 在馆 | |
| 6 | 0313683 | 203136837 | 第二借阅区/ [索取号:I045/108:1] | 在馆 | |
| 7 | 0313684 | 203136846 | 第二借阅区/ [索取号:I045/108:1] | 在馆 | |
| 8 | 0313685 | 203136855 | 第二借阅区/ [索取号:I045/108:1] | 在馆 | |
| 9 | 0313686 | 203136864 | 第二借阅区/ [索取号:I045/108:1] | 在馆 | |
| 10 | 0313687 | 203136873 | 第一样本阅览室/ [索取号:I045/108:1] | 在馆 |